Congressional procedure /

Bibliographic Details
Main Author: Riddick, Floyd M. (Floyd Millard), 1908-2000
Format: Book
Language:English
Published: Boston : Chapman and Grimes, [1941]
Subjects:

MARC

Tag First Indicator Second Indicator Subfields
LEADER 00000cam a2200000 4500
001 in00000057043
005 20151008050935.0
008 780804s1941 mauae b 00010 eng
010 |a  41015539  
035 |a (OCoLC)04110400 
035 |9 AAG4454AM 
040 |a DLC  |c HDC  |d TXA  |d UtOrBLW 
049 |a TXAM  |c 1 [102006] 
050 0 0 |a JK1096  |b .R53 
082 0 |a 328.735 
092 |a 328.735  |b R543c 
100 1 |a Riddick, Floyd M.  |q (Floyd Millard),  |d 1908-2000. 
245 1 0 |a Congressional procedure /  |c by Floyd M. Riddick, PH. D. 
264 1 |a Boston :  |b Chapman and Grimes,  |c [1941] 
264 4 |c [©1941] 
300 |a xvii, 2 unnumbered pages, 387 pages :  |b including illustrations (plans) tables, diagram ;  |c 23 cm. 
336 |a text  |b txt  |2 rdacontent 
337 |a unmediated  |b n  |2 rdamedia 
338 |a volume  |b nc  |2 rdacarrier 
504 |a "A selected bibliography": pages 374-376. 
610 1 0 |a United States.  |b Congress  |v Rules and practice. 
610 1 0 |a United States.  |b Congress  |x History. 
999 |a MARS 
999 f f |s a07441f7-b944-3d40-af8d-74a26660776d  |i 34716d2d-a110-39c6-adc2-cfbd93798475  |t 0 
952 f f |p ric  |a Texas A&M University  |b Rellis Campus  |c Joint Library Facility  |d Remote Storage  |t 0  |e JK1096 .R53  |h Library of Congress classification  |i unmediated -- volume  |m A14800682524 
998 f f |a JK1096 .R53  |t 0  |l Remote Storage